| 000 | 00842nam a2200217 a 4500 | ||
|---|---|---|---|
| 003 | 0 | ||
| 005 | 20250303083610.0 | ||
| 008 | 100902s19uu xx 00 eng d | ||
| 050 |
_aPGS GV 709.2 _b.N666 2010 |
||
| 100 | _aNiederberger, Patricia Nicole D. | ||
| 245 |
_aVarsity membership and peer relationship / _cPatricia Nicole D. Niederberger. |
||
| 260 |
_aLas PiƱas City, Philippines : _bSouthville International School and Colleges, _c2010. |
||
| 300 |
_a25 pages : _billustrations ; _c28 cm. |
||
| 504 | _aIncludes bibliographic references. | ||
| 650 |
_aStudent athletes _vSocial relationships. |
||
| 650 | _aSports and social development in children. | ||
| 650 | _aPeer pressure in school sports. | ||
| 650 | _aFriendship and team sports. | ||
| 650 |
_aExtracurricular activities _vPsychological aspects. |
||
| 942 |
_2lcc _cPASS |
||
| 999 |
_c98322 _d98322 |
||